10 Greek Logos Picture Quiz (V2) - Statistics

General Stats
  • This quiz has been taken 5 times
  • The average score is 5 of 10
Answer Stats
Picture Answer % Correct
Bic
100%
Αρκτούρος
60%
Γενική Ταχυδρομική
60%
Δρόμος
60%
In.gr
60%
Άλτις
40%
Αφής
40%
Ελευθεροτυπία
40%
Θέατρο Τέχνης
40%
Kerafina
40%
No matching quizzes found
Score Distribution
Percent of People with Each Score
Percentile by Number Answered
Your Score History
You have not taken this quiz